000 00647nam a2200229Ia 4500
003 OSt
005 20230518161344.0
008 210423s2012 xx 000 0 und d
020 _a978-0-07-058718-2
040 _cAL
041 _aeng
082 _a511.5 BALS
_223
100 _aBALAKRISHNAN (V K).
_9108964
245 _aSchaums outlines theory and problems of graph theory
260 _aNew Delhi
_bTata McGraw-hill
_c2012
300 _aviii,293
_bPB
365 _b480
_cINR
650 _aGraphs Theory
_9108965
650 _aMathematics
_9108966
906 _agraph ; outlines ; problems ; Schaums ; theory ; theory.
942 _2ddc
_cBK
999 _c165171
_d165171